[Event "Titled Tuesday intern op 23rd Jul Early"]
[Site "Chess.com INT"]
[Date "2024.07.23"]
[Round "6"]
[White "Victor, Julian"]
[Black "Antonio, Jorge Carlos"]
[Result "1-0"]
[WhiteElo "2297"]
[BlackElo "2277"]
[PlyCount "89"]
[EventDate "2024.07.23"]
[EventType "swiss (blitz)"]
[EventRounds "11"]
[EventCountry "USA"]
[SourceTitle "EXT 2025"]
[Source "ChessBase"]
[SourceDate "2024.10.14"]
[SourceVersion "1"]
[SourceVersionDate "2024.10.14"]
[SourceQuality "1"]

1. d4 d5 2. Bf4 c6 3. e3 Bf5 4. c4 e6 5. Qb3 Qb6 6. c5 Qxb3 7. axb3 Bxb1 8. Rxb1 Nd7 9. b4 a6 10. Nf3 Ngf6 11. h3 Be7 12. Bd3 0-0 13. Ke2 Ne4 14. Bxe4 dxe4 15. Nd2 f5 16. Nc4 g5 17. Bh2 h6 18. h4 Kg7 19. Na5 Ra7 20. Ra1 g4 21. h5 Kf7 22. Nc4 Rg8 23. Bf4 Nf6 24. Bxh6 Nd5 25. Ra4 Rh8 26. Bf4 Nxf4+ 27. exf4 Bf6 28. Ne5+ Bxe5 29. dxe5 Rd8 30. Raa1 Raa8 31. Rad1 Rd5 32. Rxd5 cxd5 33. Ra1 Rh8 34. b5 axb5 35. Ra7 Rxh5 36. Rxb7+ Kg6 37. c6 Rh8 38. Rxb5 Rc8 39. Rc5 Rc7 40. b4 Kf7 41. b5 Ke7 42. b6 Rc8 43. b7 Rb8 44. c7 Rxb7 45. c8Q 1-0

[Event "Titled Tuesday intern op 02nd Jul Early"]
[Site "Chess.com INT"]
[Date "2024.07.02"]
[Round "4"]
[White "Antonio, Jorge Carlos"]
[Black "Jaque Gutierrez, Matias"]
[Result "0-1"]
[WhiteElo "2277"]
[BlackElo "2201"]
[PlyCount "62"]
[EventDate "2024.07.02"]
[EventType "swiss (blitz)"]
[EventRounds "11"]
[EventCountry "USA"]
[SourceTitle "EXT 2025"]
[Source "ChessBase"]
[SourceDate "2024.10.14"]
[SourceVersion "1"]
[SourceVersionDate "2024.10.14"]
[SourceQuality "1"]

1. d4 Nf6 2. Nf3 e6 3. Bg5 h6 4. Bxf6 Qxf6 5. e3 b6 6. c4 Bb7 7. Nc3 g5 8. a3 a6 9. d5 Bg7 10. Bd3 Qe7 11. 0-0 Bxc3 12. bxc3 exd5 13. cxd5 Bxd5 14. Bf5 Be6 15. Nd4 Nc6 16. Bxe6 fxe6 17. Nxc6 dxc6 18. Qf3 0-0-0 19. Qxc6 Kb8 20. c4 Qd6 21. Qe4 h5 22. a4 a5 23. Rab1 h4 24. Rfc1 Qc5 25. Rb5 Qa3 26. Rcb1 Ka7 27. h3 Qxa4 28. Qc6 Rd1+ 29. Kh2 Rc8 30. c5 Rxb1 31. Rxb1 Qxc6 0-1

[Event "Titled Tuesday intern op 02nd Jul Early"]
[Site "Chess.com INT"]
[Date "2024.07.02"]
[Round "3"]
[White "Fernandez Garcia, Gumersindo"]
[Black "Antonio, Jorge Carlos"]
[Result "1-0"]
[WhiteElo "2117"]
[BlackElo "2277"]
[PlyCount "67"]
[EventDate "2024.07.02"]
[EventType "swiss (blitz)"]
[EventRounds "11"]
[EventCountry "USA"]
[SourceTitle "EXT 2025"]
[Source "ChessBase"]
[SourceDate "2024.10.14"]
[SourceVersion "1"]
[SourceVersionDate "2024.10.14"]
[SourceQuality "1"]

1. e4 c5 2. c3 e6 3. d4 d5 4. exd5 exd5 5. dxc5 Bxc5 6. Nf3 Nc6 7. Bd3 Nf6 8. 0-0 0-0 9. Bg5 h6 10. Bh4 g5 11. Bg3 Ne4 12. Nbd2 f5 13. Be5 g4 14. Bd4 gxf3 15. Bxe4 Bxd4 16. Bxf3 Bg7 17. Nb3 Be6 18. Nc5 Qe7 19. Nxe6 Qxe6 20. Bxd5 Rae8 21. Re1 Qxd5 22. Qxd5+ Kh8 23. Rxe8 Rxe8 24. Qxf5 Ne5 25. Rd1 Rf8 26. Qe6 Nc6 27. h3 Rf6 28. Qc8+ Kh7 29. Qxb7 Ne5 30. Qe4+ Rg6 31. h4 h5 32. Rd6 Kh6 33. Rxg6+ Nxg6 34. g3 1-0

[Event "Titled Tuesday intern op 02nd Jul Early"]
[Site "Chess.com INT"]
[Date "2024.07.02"]
[Round "5"]
[White "Murthy, Pappu LN"]
[Black "Antonio, Jorge Carlos"]
[Result "0-1"]
[WhiteElo "1838"]
[BlackElo "2277"]
[PlyCount "50"]
[EventDate "2024.07.02"]
[EventType "swiss (blitz)"]
[EventRounds "11"]
[EventCountry "USA"]
[SourceTitle "EXT 2025"]
[Source "ChessBase"]
[SourceDate "2024.10.14"]
[SourceVersion "1"]
[SourceVersionDate "2024.10.14"]
[SourceQuality "1"]

1. e4 c5 2. Nf3 e6 3. d4 cxd4 4. Nxd4 a6 5. c4 Qc7 6. Nc3 Nc6 7. Be3 Nf6 8. f4 Bb4 9. Qd3 0-0 10. Be2 d5 11. cxd5 exd5 12. e5 Ne4 13. 0-0 Bxc3 14. bxc3 Nxd4 15. cxd4 Bf5 16. Rac1 Qd7 17. Qb3 Rac8 18. g3 h6 19. Rfd1 Bg4 20. Bxg4 Qxg4 21. Qxd5 Rxc1 22. Rxc1 Qf3 23. Qb3 h5 24. Rf1 Qe2 25. Rf3 Qxf3 0-1